{"text_format":"3","workbook":"xlsx","n_sheets":1,"sheets":["Протокол ШЭ ВОШ по предмету"],"not_rendered":{"defined_names":1},"read":"whole","date_system":"1900"}

{"sheet":"Протокол ШЭ ВОШ по предмету","index":0,"n_rows":63,"n_cols":15,"rows_kept":63}
["№","Фамилия","Имя","Отчество","Дата рождения","Пол","Участник с ОВЗ (да/нет)","Класс обучения","Класс участия","Балл","Максимальный балл","Статус","Призёр муниципального этапа прошлого года","ФИО учителя","Место работы учителя"]
[1,"Багисов ","Дамир "," Ильмирович","2011-08-04","М","нет",5,5,6,25,"Участник","нет","Плотникова Регина Евгеньевна","Муниципальное бюджетное общеобразовательное учреждение \"Школа №15\" г.Нижнекамск Республики Татарстан"]
[2,"Губернаторов ","Илья ","Евгеньевич","2011-06-08","М","нет",5,5,13,25,"Участник","нет","Плотникова Регина Евгеньевна","Муниципальное бюджетное общеобразовательное учреждение \"Школа №15\" г.Нижнекамск Республики Татарстан"]
[3,"Игнатьева","Милана","Михайловна","2011-01-23","Ж","нет",5,5,20,25,"Призер","нет","Плотникова Регина Евгеньевна","Муниципальное бюджетное общеобразовательное учреждение \"Школа №15\" г.Нижнекамск Республики Татарстан"]
[4,"Ильин","Евгений","Сергеевич","2010-11-24","М","нет",5,5,10,25,"Участник","нет","Плотникова Регина Евгеньевна","Муниципальное бюджетное общеобразовательное учреждение \"Школа №15\" г.Нижнекамск Республики Татарстан"]
[5,"Красильников","Богдан","Дмитриевич","2011-02-01","М","нет",5,5,14,25,"Участник","нет","Плотникова Регина Евгеньевна","Муниципальное бюджетное общеобразовательное учреждение \"Школа №15\" г.Нижнекамск Республики Татарстан"]
[6,"Малков","Ярослав"," Олегович","2011-03-18","М","нет",5,5,12,25,"Участник","нет","Плотникова Регина Евгеньевна","Муниципальное бюджетное общеобразовательное учреждение \"Школа №15\" г.Нижнекамск Республики Татарстан"]
[7,"Пескова","Валерия","Дмитриевна","2011-10-16","Ж","нет",5,5,13,25,"Участник","нет","Плотникова Регина Евгеньевна","Муниципальное бюджетное общеобразовательное учреждение \"Школа №15\" г.Нижнекамск Республики Татарстан"]
[8,"Рачковский","Давид","Янович","2011-01-03","М","нет",5,5,12,25,"Участник","нет","Плотникова Регина Евгеньевна","Муниципальное бюджетное общеобразовательное учреждение \"Школа №15\" г.Нижнекамск Республики Татарстан"]
[9,"Рындин","Алексей","Михайлович","2011-01-18","М","нет",5,5,19,25,"Призер","нет","Плотникова Регина Евгеньевна","Муниципальное бюджетное общеобразовательное учреждение \"Школа №15\" г.Нижнекамск Республики Татарстан"]
[10,"Садриева","Алина","Фанисовна","2011-11-15","Ж","нет",5,5,12,25,"Участник","нет","Плотникова Регина Евгеньевна","Муниципальное бюджетное общеобразовательное учреждение \"Школа №15\" г.Нижнекамск Республики Татарстан"]
[11,"Федулин","Роман","Олегович","2011-08-02","М","нет",5,5,21,25,"Победитель","нет","Плотникова Регина Евгеньевна","Муниципальное бюджетное общеобразовательное учреждение \"Школа №15\" г.Нижнекамск Республики Татарстан"]
[12,"Форкунов","Алексей","Владимирович","2011-06-08","М","нет",5,5,13,25,"Участник","нет","Плотникова Регина Евгеньевна","Муниципальное бюджетное общеобразовательное учреждение \"Школа №15\" г.Нижнекамск Республики Татарстан"]
[13,"Галиева","Алия","Рустамовна","2010-11-13","Ж","нет",6,6,23,55,"Участник","нет","Плотникова Регина Евгеньевна","Муниципальное бюджетное общеобразовательное учреждение \"Школа №15\" г.Нижнекамск Республики Татарстан"]
[14,"Гарипова","Сабина","Рустемовна","2010-06-05","Ж","нет",6,6,23,55,"Участник","нет","Плотникова Регина Евгеньевна","Муниципальное бюджетное общеобразовательное учреждение \"Школа №15\" г.Нижнекамск Республики Татарстан"]
[15,"Корнеева","Валерия","Александровна","2010-05-17","Ж","нет",6,6,21,55,"Участник","нет","Плотникова Регина Евгеньевна","Муниципальное бюджетное общеобразовательное учреждение \"Школа №15\" г.Нижнекамск Республики Татарстан"]
[16,"Кырганова","Анастасия","Игоревна","2010-03-20","Ж","нет",6,6,20,55,"Участник","нет","Плотникова Регина Евгеньевна","Муниципальное бюджетное общеобразовательное учреждение \"Школа №15\" г.Нижнекамск Республики Татарстан"]
[17,"Курмакаева","Алина","Николаевна","2010-07-01","Ж","нет",6,6,25,55,"Участник","нет","Плотникова Регина Евгеньевна","Муниципальное бюджетное общеобразовательное учреждение \"Школа №15\" г.Нижнекамск Республики Татарстан"]
[18,"Муртазин","Реваль"," Азатович","2009-12-30","М","нет",6,6,16,55,"Участник","нет","Плотникова Регина Евгеньевна","Муниципальное бюджетное общеобразовательное учреждение \"Школа №15\" г.Нижнекамск Республики Татарстан"]
[19,"Ломов","Андрей","Андреевич","2010-09-14","М","нет",6,6,39,55,"Призер","нет","Плотникова Регина Евгеньевна","Муниципальное бюджетное общеобразовательное учреждение \"Школа №15\" г.Нижнекамск Республики Татарстан"]
[20,"Никифоров","Глеб","Эдуардович","2010-09-10","М","нет",6,6,37,55,"Призер","нет","Плотникова Регина Евгеньевна","Муниципальное бюджетное общеобразовательное учреждение \"Школа №15\" г.Нижнекамск Республики Татарстан"]
[21,"Никифорова","Екатерина","Валерьевна","2010-01-03","Ж","нет",6,6,27,55,"Участник","нет","Плотникова Регина Евгеньевна","Муниципальное бюджетное общеобразовательное учреждение \"Школа №15\" г.Нижнекамск Республики Татарстан"]
[22,"Питаев","Эмиль","Дмитриевич","2010-09-16","М","нет",6,6,29,55,"Участник","нет","Плотникова Регина Евгеньевна","Муниципальное бюджетное общеобразовательное учреждение \"Школа №15\" г.Нижнекамск Республики Татарстан"]
[23,"Платонов","Кирилл","Владимирович","2010-05-24","М","нет",6,6,21,55,"Участник","нет","Плотникова Регина Евгеньевна","Муниципальное бюджетное общеобразовательное учреждение \"Школа №15\" г.Нижнекамск Республики Татарстан"]
[24,"Сорокин","Андрей","Викторович","2010-07-02","М","нет",6,6,23,55,"Участник","нет","Плотникова Регина Евгеньевна","Муниципальное бюджетное общеобразовательное учреждение \"Школа №15\" г.Нижнекамск Республики Татарстан"]
[25,"Тимербаева","Арина","Альбертовна","2010-05-13","Ж","нет",6,6,26,55,"Участник","нет","Плотникова Регина Евгеньевна","Муниципальное бюджетное общеобразовательное учреждение \"Школа №15\" г.Нижнекамск Республики Татарстан"]
[26,"Чурин","Дмитрий","Сергеевич","2010-07-06","М","нет",6,6,40,55,"Победитель","нет","Плотникова Регина Евгеньевна","Муниципальное бюджетное общеобразовательное учреждение \"Школа №15\" г.Нижнекамск Республики Татарстан"]
[27,"Шайхутдинова","Диляра","Ильназовна","2010-11-25","Ж","нет",6,6,30,55,"Участник","нет","Плотникова Регина Евгеньевна","Муниципальное бюджетное общеобразовательное учреждение \"Школа №15\" г.Нижнекамск Республики Татарстан"]
[28,"Федосеев","Дмитрий","Владимирович","2010-07-28","М","нет",6,6,35,55,"Участник","нет","Плотникова Регина Евгеньевна","Муниципальное бюджетное общеобразовательное учреждение \"Школа №15\" г.Нижнекамск Республики Татарстан"]
[29,"Цыганов","Роман","Алексеевич","2010-05-03","М","нет",6,6,16,55,"Участник","нет","Плотникова Регина Евгеньевна","Муниципальное бюджетное общеобразовательное учреждение \"Школа №15\" г.Нижнекамск Республики Татарстан"]
[30,"Антипина","Марта","Даниловна","2009-08-06","Ж","нет",7,7,22,50,"Участник","нет","Плотникова Регина Евгеньевна","Муниципальное бюджетное общеобразовательное учреждение \"Школа №15\" г.Нижнекамск Республики Татарстан"]
[31,"Антропова","Яна","Олеговна","2009-08-17","Ж","нет",7,7,30,50,"Призер","нет","Плотникова Регина Евгеньевна","Муниципальное бюджетное общеобразовательное учреждение \"Школа №15\" г.Нижнекамск Республики Татарстан"]
[32,"Бадртдинов","Булат","Ринатович","2009-11-19","М","нет",7,7,14,50,"Участник","нет","Плотникова Регина Евгеньевна","Муниципальное бюджетное общеобразовательное учреждение \"Школа №15\" г.Нижнекамск Республики Татарстан"]
[33,"Вагизова","Кира","Вячеславовна","2009-09-22","Ж","нет",7,7,16,50,"Участник","нет","Плотникова Регина Евгеньевна","Муниципальное бюджетное общеобразовательное учреждение \"Школа №15\" г.Нижнекамск Республики Татарстан"]
[34,"Ибрагимова","Аделия","Динисламовна","2009-04-03","Ж","нет",7,7,24,50,"Участник","нет","Плотникова Регина Евгеньевна","Муниципальное бюджетное общеобразовательное учреждение \"Школа №15\" г.Нижнекамск Республики Татарстан"]
[35,"Курикова","Милена","Артемовна","2009-07-02","Ж","нет",7,7,17,50,"Участник","нет","Плотникова Регина Евгеньевна","Муниципальное бюджетное общеобразовательное учреждение \"Школа №15\" г.Нижнекамск Республики Татарстан"]
[36,"Кучимова","Маржона","Алишеровна","2009-01-02","Ж","нет",7,7,19,50,"Участник","нет","Плотникова Регина Евгеньевна","Муниципальное бюджетное общеобразовательное учреждение \"Школа №15\" г.Нижнекамск Республики Татарстан"]
[37,"Маннанова","Сафина","Маратовна","2009-12-02","Ж","нет",7,7,25,50,"Участник","нет","Плотникова Регина Евгеньевна","Муниципальное бюджетное общеобразовательное учреждение \"Школа №15\" г.Нижнекамск Республики Татарстан"]
[38," Марусич","Дана","Витальевна","2009-12-24","Ж","нет",7,7,38,50,"Победитель","нет","Плотникова Регина Евгеньевна","Муниципальное бюджетное общеобразовательное учреждение \"Школа №15\" г.Нижнекамск Республики Татарстан"]
[39," Файзуллина","Самира","Юнировна","2009-07-19","Ж","нет",7,7,32,50,"Призер","нет","Плотникова Регина Евгеньевна","Муниципальное бюджетное общеобразовательное учреждение \"Школа №15\" г.Нижнекамск Республики Татарстан"]
[40," Хайдарова","Диляра","Данисовна","2009-07-03","Ж","нет",7,7,25,50,"Участник","нет","Плотникова Регина Евгеньевна","Муниципальное бюджетное общеобразовательное учреждение \"Школа №15\" г.Нижнекамск Республики Татарстан"]
[41,"Халиуллин","Рузаль","Данисович","2009-09-17","М","нет",7,7,14,50,"Участник","нет","Плотникова Регина Евгеньевна","Муниципальное бюджетное общеобразовательное учреждение \"Школа №15\" г.Нижнекамск Республики Татарстан"]
[42,"Черник","Данил","Сергеевич","2009-06-02","М","нет",7,7,16,50,"Участник","нет","Плотникова Регина Евгеньевна","Муниципальное бюджетное общеобразовательное учреждение \"Школа №15\" г.Нижнекамск Республики Татарстан"]
[43,"Аксакова","Аделя","Витальевна","2008-09-07","Ж","нет",8,8,25,61,"Участник","нет","Плотникова Регина Евгеньевна","Муниципальное бюджетное общеобразовательное учреждение \"Школа №15\" г.Нижнекамск Республики Татарстан"]
[44,"Газетдинов","Ильзат","Рафисович","2008-01-27","М","нет",8,8,49,61,"Победитель","нет","Плотникова Регина Евгеньевна","Муниципальное бюджетное общеобразовательное учреждение \"Школа №15\" г.Нижнекамск Республики Татарстан"]
[45,"Гатина","Самира","Ренатовна","2008-09-26","Ж","нет",8,8,31,61,"Участник","нет","Плотникова Регина Евгеньевна","Муниципальное бюджетное общеобразовательное учреждение \"Школа №15\" г.Нижнекамск Республики Татарстан"]
[46,"Григорьев","Егор","Юрьевич","2008-12-05","М","нет",8,8,23,61,"Участник","нет","Плотникова Регина Евгеньевна","Муниципальное бюджетное общеобразовательное учреждение \"Школа №15\" г.Нижнекамск Республики Татарстан"]
[47,"Ефимова","Екатерина","Сергеевна","2008-06-17","Ж","нет",8,8,41,61,"Призер","нет","Плотникова Регина Евгеньевна","Муниципальное бюджетное общеобразовательное учреждение \"Школа №15\" г.Нижнекамск Республики Татарстан"]
[48,"Зборомирский","Артемий","Александрович","2008-04-24","М","нет",8,8,39,61,"Участник","нет","Плотникова Регина Евгеньевна","Муниципальное бюджетное общеобразовательное учреждение \"Школа №15\" г.Нижнекамск Республики Татарстан"]
[49,"Ибрагимов","Эрик","Эдуардович","2008-11-12","М","нет",8,8,27,61,"Участник","нет","Плотникова Регина Евгеньевна","Муниципальное бюджетное общеобразовательное учреждение \"Школа №15\" г.Нижнекамск Республики Татарстан"]
[50,"Савгильдин","Никита","Андреевич","2008-02-08","М","нет",8,8,49,61,"Призер","нет","Плотникова Регина Евгеньевна","Муниципальное бюджетное общеобразовательное учреждение \"Школа №15\" г.Нижнекамск Республики Татарстан"]
[51,"Сергеева","Ангелина","Николаевна","2008-08-24","Ж","нет",8,8,25,61,"Участник","нет","Плотникова Регина Евгеньевна","Муниципальное бюджетное общеобразовательное учреждение \"Школа №15\" г.Нижнекамск Республики Татарстан"]
[52,"Файзуллина","Лилия","Ильназовна","2007-11-27","Ж","нет",8,8,28,61,"Участник","нет","Плотникова Регина Евгеньевна","Муниципальное бюджетное общеобразовательное учреждение \"Школа №15\" г.Нижнекамск Республики Татарстан"]
[53,"Гараева","Дина","Рафаэлевна","2007-01-15","Ж","нет",9,9,35,50,"Призер","нет","Плотникова Регина Евгеньевна","Муниципальное бюджетное общеобразовательное учреждение \"Школа №15\" г.Нижнекамск Республики Татарстан"]
[54,"Збинская","Екатерина","Евгеньевна","2007-06-02","Ж","нет",9,9,29,50,"Участник","нет","Плотникова Регина Евгеньевна","Муниципальное бюджетное общеобразовательное учреждение \"Школа №15\" г.Нижнекамск Республики Татарстан"]
[55,"Курбангалина","Анастасия","Дмитриевна","2007-08-26","Ж","нет",9,9,21,50,"Участник","нет","Плотникова Регина Евгеньевна","Муниципальное бюджетное общеобразовательное учреждение \"Школа №15\" г.Нижнекамск Республики Татарстан"]
[56,"Орлова","Александра","Евгеньевна","2007-02-02","Ж","нет",9,9,25,50,"Участник","нет","Плотникова Регина Евгеньевна","Муниципальное бюджетное общеобразовательное учреждение \"Школа №15\" г.Нижнекамск Республики Татарстан"]
[57,"Петрова","Ангелина","Константиновна","2007-07-12","Ж","нет",9,9,31,50,"Участник","нет","Плотникова Регина Евгеньевна","Муниципальное бюджетное общеобразовательное учреждение \"Школа №15\" г.Нижнекамск Республики Татарстан"]
[58,"Салимгариева","Диана","Ильназовна","2007-09-21","Ж","нет",9,9,24,50,"Участник","нет","Плотникова Регина Евгеньевна","Муниципальное бюджетное общеобразовательное учреждение \"Школа №15\" г.Нижнекамск Республики Татарстан"]
[59,"Степанова","Юлия","Витальевна","2007-09-27","Ж","нет",9,9,32,50,"Призер","нет","Плотникова Регина Евгеньевна","Муниципальное бюджетное общеобразовательное учреждение \"Школа №15\" г.Нижнекамск Республики Татарстан"]
[60,"Хасанова","Самира","Алишеровна","2007-11-17","Ж","нет",9,9,28,50,"Участник","нет","Плотникова Регина Евгеньевна","Муниципальное бюджетное общеобразовательное учреждение \"Школа №15\" г.Нижнекамск Республики Татарстан"]
[61,"Хафизова","Камилла","Ренатовна","2007-08-24","Ж","нет",9,9,37,50,"Победитель","нет","Плотникова Регина Евгеньевна","Муниципальное бюджетное общеобразовательное учреждение \"Школа №15\" г.Нижнекамск Республики Татарстан"]
[62,"Шайхова","Арина","Руслановна","2007-04-26","Ж","нет",9,9,16,50,"Участник","нет","Плотникова Регина Евгеньевна","Муниципальное бюджетное общеобразовательное учреждение \"Школа №15\" г.Нижнекамск Республики Татарстан"]